Piłkarska kariera Roberta Lewandowskiego. - Statystyki

Ogólne statystyki
  • Ten quiz został rozwiązany 939 razy
  • Średni wynik to 4 z 6
Statystyki odpowiedzi
Lata Drużyna % Poprawnych
2008-2010 Lech Poznań
96%
2014-teraz Bayern Monachium
94%
2010-2014 Borussia Dortmund
93%
2006-2008 Znicz Pruszków
79%
?-2005 Delta Warszawa
20%
2005-2006 Legia Warszawa II
13%
Nie znaleziono quizów pasujących do podanych kryteriów
Rozkład punktacji
Procent ludzi z każdym wynikiem
Percentyl według liczby udzielonych odpowiedzi
Twoja historia wyników
Nie rozwiązałeś tego quizu